000 01173cad a22002775a 4500
001 E153258
008 110329s2011 xxk f 000 0 eng d
035 _a(Sirsi) u153258
041 0 _aeng
100 2 _aHolland, J. P.
245 0 3 _aAn analysis of the impact on the natural heritage of the decline in hill farming in Scotland
_h[electronic resource]
260 _aInverness
_bScottish Natural Heritage
_c2011
490 0 _aScottish Natural Heritage Commissioned Report
_v(454)
520 _aLooks at the falling numbers of livestock on the hills and uplands of the north and west of Scotland, and examines the implications of this for land management, as well as impacts on the natural heritage and rural communities.
521 _aAdvanced
590 _aKA
651 4 _aScotland
_y1999-
690 _aENVIRONMENTAL AND LAND CONSULTANCY-AGRIBUSINESS-AGRICULTURE
700 1 _aMorgan-Davies, C.
700 1 _aWaterhouse, T.
700 1 _aThomson, S.
700 1 _aMidgley, A.
700 1 _aBarnes, A.
856 4 0 _uhttps://www.snh.org.uk/pdfs/publications/commissioned_reports/454.pdf
_zView the report free of charge at www.snh.org.uk...
942 _n0
999 _c112437
_d112437